| 000 | 00902nam a22002417a 4500 | ||
|---|---|---|---|
| 003 | 0 | ||
| 005 | 20250506145628.0 | ||
| 008 | 250506b xxu||||| |||| 00| 0 eng d | ||
| 020 | _a9786214271689 | ||
| 050 |
_aJF 1525.A8 _b.Ab117 2024 |
||
| 100 | _aAbante, Marmelo V. | ||
| 245 |
_aE-governance for development administration _cDr. Marmelo V. Abante , Dr. Renato A. Villegas, and Dr. Melchor S. Julianes |
||
| 260 |
_aManila _bUnlimited Books Library Services & Publishing Inc. _cc2024 |
||
| 300 |
_ax, 279 pages ; _c26cm. |
||
| 504 | _aIncludes bibliographical references. | ||
| 650 | _aElectronic government information -- Philippines. | ||
| 650 | _aE-Government—Developing countries. | ||
| 650 | _aPublic administration—Data processing. | ||
| 650 | _aAdministrative agencies—Automation. | ||
| 700 | _aVillegas, Renato A. | ||
| 700 | _a Julianes, Melchor S. | ||
| 942 |
_2lcc _cBK |
||
| 999 |
_c367452 _d367452 |
||